[Event "Milan Crespi op-B 32nd"]
[Site "Milan"]
[Date "2011.12.08"]
[Round "2"]
[White "Manansala, Eduardo"]
[Black "Alberio, Silvio"]
[Result "1-0"]
[WhiteElo "1912"]
[BlackElo "1755"]
[PlyCount "75"]
[EventDate "2011.12.07"]
[EventType "swiss"]
[EventRounds "7"]
[EventCountry "ITA"]
[SourceTitle "EXT 2022"]
[Source "ChessBase"]
[SourceDate "2021.10.06"]
[SourceVersion "1"]
[SourceVersionDate "2021.10.06"]
[SourceQuality "1"]

1. c4 b6 2. d4 Nf6 3. Nc3 Bb7 4. d5 d6 5. Nf3 g6 6. e4 Bg7 7. Be2 0-0 8. 0-0 Na6 9. Ne1 Nc5 10. f3 e5 11. b4 Ncd7 12. Nd3 a5 13. Be3 Nh5 14. a3 f5 15. Bf2 Ba6 16. c5 axb4 17. axb4 bxc5 18. bxc5 Bxd3 19. Qxd3 Nxc5 20. Bxc5 dxc5 21. Qc4 Rf7 22. Qxc5 Bf8 23. Qc6 Rxa1 24. Rxa1 Qb8 25. d6 cxd6 26. Bc4 Qb2 27. Bxf7+ Kxf7 28. Rb1 Qd2 29. Qd5+ Qxd5 30. Nxd5 g5 31. Kf2 Nf6 32. Rb7+ Kg6 33. Nxf6 Kxf6 34. Ke2 h5 35. Kd3 g4 36. Kc4 g3 37. h3 h4 38. Kd5 1-0

[Event "Milan Molinari Memorial 5th"]
[Site "Milan"]
[Date "2011.10.31"]
[Round "5"]
[White "Manansala, Eduardo"]
[Black "Paganini, Andrea"]
[Result "0-1"]
[WhiteElo "1946"]
[BlackElo "1847"]
[PlyCount "76"]
[EventDate "2011.10.28"]
[EventType "swiss"]
[EventRounds "6"]
[EventCountry "ITA"]
[SourceTitle "EXT 2014"]
[Source "ChessBase"]
[SourceDate "2013.11.20"]
[SourceVersion "1"]
[SourceVersionDate "2013.11.20"]
[SourceQuality "1"]

1. Nf3 d5 2. g3 Nf6 3. Bg2 g6 4. 0-0 Bg7 5. c4 c6 6. d4 0-0 7. Qb3 a5 8. Nc3 a4 9. Nxa4 dxc4 10. Qd1 Qa5 11. Nc3 b5 12. Ne5 b4 13. Nb1 Be6 14. a3 Bd5 15. Bd2 Bxg2 16. Kxg2 Qd5+ 17. Nf3 c5 18. dxc5 Nc6 19. Be3 Rfd8 20. Nbd2 Ng4 21. axb4 Bxb2 22. Rxa8 Rxa8 23. Qc2 c3 24. b5 Nb4 25. Qe4 Nxe3+ 26. fxe3 Qxe4 27. Nxe4 c2 28. Nd4 c1Q 29. Rxc1 Bxc1 30. Kf3 Rc8 31. b6 f5 32. Nc3 Rxc5 33. Na2 Bxe3 34. Kxe3 Nd5+ 35. Kd3 Nxb6 36. Ne6 Rc6 37. Nd4 Rd6 38. Ke3 Nd5+ 0-1

[Event "Milan Molinari Memorial 5th"]
[Site "Milan"]
[Date "2011.10.30"]
[Round "4"]
[White "Arnold, Daniele"]
[Black "Manansala, Eduardo"]
[Result "1/2-1/2"]
[WhiteElo "1856"]
[BlackElo "1946"]
[PlyCount "109"]
[EventDate "2011.10.28"]
[EventType "swiss"]
[EventRounds "6"]
[EventCountry "ITA"]
[SourceTitle "EXT 2014"]
[Source "ChessBase"]
[SourceDate "2013.11.20"]
[SourceVersion "1"]
[SourceVersionDate "2013.11.20"]
[SourceQuality "1"]

1. e4 e6 2. d4 d5 3. Nc3 Nf6 4. exd5 exd5 5. Nf3 Nc6 6. Be2 Bf5 7. a3 Bd6 8. Bg5 Be7 9. 0-0 0-0 10. Bd3 Bg4 11. Be2 Re8 12. Ne5 Bxe2 13. Nxe2 Nxe5 14. dxe5 Ng4 15. Bf4 Bc5 16. Nc3 Nxe5 17. Qxd5 Qxd5 18. Nxd5 Bd6 19. Bxe5 Rxe5 20. Rad1 Re2 21. Ne3 g6 22. Rfe1 Rxe1+ 23. Rxe1 Be5 24. b3 Rd8 25. Rd1 Bd6 26. Kf1 b5 27. Ke2 Re8 28. Rd5 f5 29. g3 a6 30. a4 bxa4 31. bxa4 f4 32. gxf4 Bxf4 33. Ra5 Bxh2 34. Rxa6 Bf4 35. Rc6 Ra8 36. Rc4 Bd6 37. Nd5 Kf7 38. Kd3 Ra7 39. Ke4 h5 40. Nc3 Ke6 41. Nb5 Ra5 42. Nxc7+ Bxc7 43. Rxc7 Rxa4+ 44. Kf3 Kf5 45. c4 Ra3+ 46. Kg2 Kg4 47. c5 g5 48. c6 Rc3 49. Rc8 Rc2 50. c7 h4 51. Kf1 h3 52. Kg1 h2+ 53. Kxh2 Rxf2+ 54. Kg1 Rc2 55. Kf1 1/2-1/2

[Event "Liscate op"]
[Site "Liscate"]
[Date "2011.10.15"]
[Round "3"]
[White "Swannie, Douglas"]
[Black "Manansala, Eduardo"]
[Result "1-0"]
[WhiteElo "1947"]
[BlackElo "1946"]
[PlyCount "65"]
[EventDate "2011.10.14"]
[EventType "swiss"]
[EventRounds "5"]
[EventCountry "ITA"]
[SourceTitle "EXT 2014"]
[Source "ChessBase"]
[SourceDate "2013.11.20"]
[SourceVersion "1"]
[SourceVersionDate "2013.11.20"]
[SourceQuality "1"]

1. d4 c6 2. c4 d6 3. Nc3 Nf6 4. e4 g6 5. f4 Bg7 6. Nf3 Bg4 7. Be2 Qa5 8. 0-0 Bxf3 9. Rxf3 0-0 10. h3 e5 11. fxe5 dxe5 12. d5 Nbd7 13. Be3 cxd5 14. cxd5 Qb4 15. a3 Qa5 16. b4 Qd8 17. Rc1 a6 18. Qd3 Rc8 19. Rff1 Ne8 20. Na4 Rxc1 21. Rxc1 f5 22. Nc5 fxe4 23. Qb3 Nd6 24. Ne6 Qh4 25. Nxf8 Bxf8 26. Bg4 Nf6 27. Be6+ Kh8 28. Bf2 Qg5 29. Qc3 Bh6 30. Rf1 e3 31. Be1 Nfe4 32. Qc7 Nf5 33. Qc8+ 1-0

[Event "Liscate op"]
[Site "Liscate"]
[Date "2011.10.14"]
[Round "1"]
[White "Mariano, Elia"]
[Black "Manansala, Eduardo"]
[Result "1-0"]
[WhiteElo "2208"]
[BlackElo "1946"]
[PlyCount "67"]
[EventDate "2011.10.14"]
[EventType "swiss"]
[EventRounds "5"]
[EventCountry "ITA"]
[SourceTitle "EXT 2014"]
[Source "ChessBase"]
[SourceDate "2013.11.20"]
[SourceVersion "1"]
[SourceVersionDate "2013.11.20"]
[SourceQuality "1"]

1. d4 c6 2. c4 d6 3. Nf3 Nf6 4. Nc3 g6 5. g3 Bg7 6. Bg2 0-0 7. 0-0 Nbd7 8. e4 e5 9. d5 c5 10. a3 a6 11. Ne1 Rb8 12. b4 b5 13. cxb5 axb5 14. Nc2 Ne8 15. Rb1 c4 16. a4 bxa4 17. Nxa4 Nb6 18. Na3 Nxa4 19. Qxa4 Bd7 20. b5 c3 21. Qb4 Rc8 22. b6 Rc5 23. b7 Qb8 24. Be3 c2 25. Rb2 c1Q 26. Rxc1 Rxc1+ 27. Bxc1 f5 28. Be3 Nf6 29. Nc4 fxe4 30. Qxd6 Bf5 31. Qxb8 Rxb8 32. Ba7 Nd7 33. Bxb8 Nxb8 34. Ra2 1-0